Zvyšovanie odolnosti betónových konštrukcií namáhaných cyklickým zaťažením autoreferát dizertačnej práce na získanie akademického titulu "philosophiae doctor", v skratke "PhD."

Bibliographic Details
Main Author: Čavojcová, Alena (Author)
Format: Book
Language:Slovak
PhysicalDescription:31 s. fareb. fotogr., grafy, tab. 22 cm
Published: Žilina Žilinská univerzita, Stavebná fakulta 2016
Subjects:

MARC

LEADER 00000nam a2200000 a 4500
001 vtls011579800
003 SK-MaSNL
005 20260301092756.0
008 240318s2016 xo oja e n 000 0 slo
015 |a SNBA2016/09 
015 |a SNBSAB2016 
020 |q (brož.) 
035 |a 732C4011-BC36-484C-B0D7-938F3B43B559 
035 |a urn:nbn:sk:snk-amth50 
035 |a urn:nbn:sk:snk-am00bx1r 
040 |a SNK  |b slo  |c SNK  |e AACR2 
041 0 |a slo  |b eng 
044 |a xo  |c SK 
072 7 |a 624  |x Stavebné inžinierstvo  |2 konspekt 
072 7 |a 620.1/.2  |x Náuka o materiáli  |2 konspekt 
080 |a 624.012.4  |2 2011 
080 |a (01)  |2 2011 
080 |a (048.3)  |2 2011 
080 |a 62-027.45  |2 2011 
080 |a 624.042  |2 2011 
080 |a 620-178.3  |2 2001 
080 |a 620.1  |2 2011 
100 1 |a Čavojcová, Alena  |4 aut  |9 420382 
245 1 0 |a Zvyšovanie odolnosti betónových konštrukcií namáhaných cyklickým zaťažením  |b autoreferát dizertačnej práce na získanie akademického titulu "philosophiae doctor", v skratke "PhD."  |c Alena Čajovcová 
260 |a Žilina  |b Žilinská univerzita, Stavebná fakulta  |c 2016 
300 |a 31 s.  |b fareb. fotogr., grafy, tab.  |c 22 cm 
500 |a Názov z obalu 
504 |a Bibliogr.: s. 29-31 ; publikované články a riešené úlohy ; iné práce 
546 |a Res. angl. 
650 0 7 |a betónové konštrukcie  |2 SNKPH  |9 1686 
650 0 7 |a Structures in concrete  |2 SNKPHeng  |9 292400 
650 0 7 |a spoľahlivosť (technika)  |2 SNKPH  |9 3549 
650 0 7 |a Reliability (technology)  |2 SNKPHeng  |9 340203 
650 0 7 |a zaťaženie konštrukcií  |2 SNKPH  |9 69056 
650 0 7 |a Strains and stresses  |2 SNKPHeng  |9 336919 
650 0 7 |a únava materiálu  |2 SNKPH  |9 3739 
650 0 7 |a Material fatigue  |2 SNKPHeng  |9 315421 
650 0 7 |a skúšanie materiálov  |2 SNKPH  |9 4168 
650 0 7 |a Material testing  |2 SNKPHeng  |9 266886 
655 7 |a bibliografie  |2 SNKPH  |9 28668 
655 7 |a autoreferáty  |2 SNKPH  |9 70546 
655 7 |a Bibliographies  |2 SNKPHeng  |9 266698 
655 7 |a Autoabstracts  |2 SNKPHeng  |9 238326 
958 |a NB 
958 |a PB 
999 |c 675039  |d 676969 
952 |a SNK  |b SNK  |y PREZ  |7 0  |p 17A1214280  |o snkSC 171273  |i snk2016/21566  |8 0  |0 0  |1 0  |4 0  |d 2016-09-16  |f 1  |l 0  |r 2025-09-08 00:00:00  |w 2026-02-23